| 000 | 00773nam a2200241 a 4500 | ||
|---|---|---|---|
| 001 | 41663 | ||
| 003 | BD-RjUL | ||
| 005 | 20211209053430.0 | ||
| 008 | 160504s1946 nyua 001 0 eng | ||
| 035 | _a(BD-RjUL)41781 | ||
| 040 |
_aDLC _cCarP _dDLC _dBD-RjUL _beng |
||
| 041 | _aeng | ||
| 082 |
_a342.73 _bZIG 1946 |
||
| 100 | 1 |
_aZink, Harold, _d1901-1962. _9127969 |
|
| 245 | 1 | 0 |
_aGovernment and politics in the United States / _cHarold Zink |
| 250 | _aRev. ed. , National Government Ed. | ||
| 260 |
_aNew York : _bThe Macmillan company, _c1946. |
||
| 300 |
_ax, 736 p. _bIll. ; _c25 cm. |
||
| 500 | _a Includes Index and Appendix | ||
| 651 | 0 |
_aUnited States _xPolitics and government _vHandbooks, manuals, etc. _9127970 |
|
| 942 |
_2ddc _cBK |
||
| 999 |
_c41663 _d41663 |
||